• 首页
  • 本馆介绍
  • 公告通知
  • 最新文献
  • 馆藏检索
  • 电子资源
  • 读者导购
  • 参考咨询
  • 我的图书馆
  • 登录
  • 详细信息显示
  • 放入我的书架
  • 预约/预借图书
  • 作者相关作品
  • 分类相关作品
  • 丛书相关作品
  • 出版社相关作品

书目信息

  • 表格格式
  • 工作单格式
  • 卡片格式
题名:
初等几何复习与研究
    
 
作者: ;上海市中学教师进修教材编写组 著
分册: 下册  
出版信息: 大同   山西省青年广播函授学校  1979
页数: 293-454页
开本: 25cm
丛书名:
单 册:
中图分类: O123.1
科图分类:
主题词: 初等数学 , 初等几何--高等师范教育--教材
电子资源:
ISBN:
000 00891nam0 2200241 45
001 0181009958
005 20061120085730.34
010    @dCNY1.00
100    @a19950525d1979 demy0chiy0121 ea
101 0  @achi
105    @ay z 000yy
200 10 @a初等几何复习与研究@Achu deng ji he fu xi yu yan jiu@e平面部分@EPing Mian Bu Fen@h下册@f上海市中学教师进修教材编写组著@Fshang hai shi zhong xue jiao shi jin xiu jiao cai bian xie zu zhu
210    @a大同@c山西省青年广播函授学校@d1979
215    @a293-454页@d25cm
300    @a上海市中学教师进修教材
517    @a平面部分@APing Mian Bu Fen
606 0  @a初等数学
606    @a初等几何@x高等师范教育@x教材
690    @aO123.1@v3
711 02 @a上海市中学教师进修教材编写组@Ashang hai shi zhong xue jiao shi jin xiu jiao cai bian xie zu@4著
801  2 @aCN@bNLC@c20061120
801  0 @aCN@b上海图书馆@c20060819
905    @a10447@dO123.1@e33:2
    
    初等几何复习与研究:平面部分.下册/上海市中学教师进修教材编写组著.-大同:山西省青年广播函授学校,1979
    293-454页;25cm
    上海市中学教师进修教材
    
    ISBN :CNY1.00
    
●
相关链接 在E读中查询图书 在五车中查询图书 在当当中查询图书 在豆瓣中查询图书


正题名:初等几何复习与研究     索取号:O123.1/33:2         预约/预借

序号 登录号 条形码 馆藏地/架位号 状态 备注
1 0158406   202097097   第二样本阅览室/ [索取号:O123.1/33:2] 在馆    
唐山师范学院图书馆 欢迎您!
大连网信软件有限公司© 版权所有